[Event "RUS-ch Blitz 2021"]
[Site "Sochi"]
[Date "2021.10.11"]
[Round "7.18"]
[White "Savitskiy, Sergey"]
[Black "Grachev, Boris"]
[Result "1/2-1/2"]
[WhiteElo "2439"]
[BlackElo "2615"]
[Annotator "ChessBase"]
[PlyCount "139"]
[EventDate "2021.10.11"]
[EventType "blitz"]
[EventCountry "RUS"]
[SourceTitle "playchess.com"]
[Source "ChessBase"]
[SourceQuality "1"]
[TimeControl "180+2"]

1. e4 {[%emt 0:00:00]} c5 {[%emt 0:00:04]} 2. Nf3 {[%emt 0:00:03]} e6 {[%emt 0:
00:00]} 3. d4 {[%emt 0:00:00]} cxd4 {[%emt 0:00:00]} 4. Nxd4 {[%emt 0:00:00]}
Nf6 {[%emt 0:00:09]} 5. Nc3 {[%emt 0:00:03]} Nc6 {[%emt 0:00:00]} 6. Nxc6 {
[%emt 0:00:00]} bxc6 {[%emt 0:00:00]} 7. e5 {[%emt 0:00:00]} Nd5 {[%emt 0:00:
00]} 8. Ne4 {[%emt 0:00:00]} Bb7 {[%emt 0:00:00]} 9. Bd3 {[%emt 0:00:31]} c5 {
[%emt 0:00:00]} 10. c4 {[%emt 0:00:04]} Nb4 {[%emt 0:00:03]} 11. Bb1 {[%emt 0:
00:02]} Nc6 {[%emt 0:00:09]} 12. f4 {[%emt 0:00:09]} Qh4+ {[%emt 0:00:05]} 13.
g3 {[%emt 0:00:11]} Qh3 {[%emt 0:00:13]} 14. Kf2 {[%emt 0:00:27]} Nd4 {[%emt 0:
00:08]} 15. Qf1 {[%emt 0:00:13]} Qh5 {[%emt 0:00:23]} 16. Qd1 {[%emt 0:00:00]}
Qh3 {[%emt 0:00:01]} 17. Qf1 {[%emt 0:00:01]} Qxf1+ {[%emt 0:00:04]} 18. Rxf1 {
[%emt 0:00:05]} Be7 {[%emt 0:00:02]} 19. Be3 {[%emt 0:00:19]} f6 {[%emt 0:00:
00]} 20. Bxd4 {[%emt 0:00:16]} cxd4 {[%emt 0:00:02]} 21. exf6 {[%emt 0:00:00]}
gxf6 {[%emt 0:00:08]} 22. f5 {[%emt 0:00:00]} exf5 {[%emt 0:00:18]} 23. Nd2 {
[%emt 0:00:07]} Bb4 {[%emt 0:00:31]} 24. Nf3 {[%emt 0:00:37]} Rc8 {[%emt 0:00:
05]} 25. Bd3 {[%emt 0:00:12]} Kf7 {[%emt 0:00:00]} 26. a3 {[%emt 0:00:10]} Bd6
{[%emt 0:00:18]} 27. b4 {[%emt 0:00:03]} Be4 {[%emt 0:00:08]} 28. Rad1 {
[%emt 0:00:05]} Bxd3 {[%emt 0:00:18]} 29. Rxd3 {[%emt 0:00:00]} Rxc4 {[%emt 0:
00:00]} 30. Nxd4 {[%emt 0:00:00]} Be5 {[%emt 0:00:13]} 31. Nxf5 {[%emt 0:00:07]
} Ke6 {[%emt 0:00:07]} 32. Ne3 {[%emt 0:00:00]} Rc7 {[%emt 0:00:07]} 33. Rfd1 {
[%emt 0:00:07]} Rhc8 {[%emt 0:00:07]} 34. R1d2 {[%emt 0:00:00]} d6 {[%emt 0:00:
01]} 35. Ng4 {[%emt 0:00:00]} Rc2 {[%emt 0:00:09]} 36. Ke2 {[%emt 0:00:12]}
Rxd2+ {[%emt 0:00:00]} 37. Kxd2 {[%emt 0:00:00]} h5 {[%emt 0:00:01]} 38. Ne3 {
[%emt 0:00:07]} h4 {[%emt 0:00:01]} 39. Ng4 {[%emt 0:00:02]} hxg3 {[%emt 0:00:
06]} 40. hxg3 {[%emt 0:00:00]} Rg8 {[%emt 0:00:00]} 41. Nxe5 {[%emt 0:00:03]}
fxe5 {[%emt 0:00:00]} 42. a4 {[%emt 0:00:02]} Rg4 {[%emt 0:00:13]} 43. Rb3 {
[%emt 0:00:02]} d5 {[%emt 0:00:04]} 44. a5 {[%emt 0:00:00]} a6 {[%emt 0:00:03]}
45. Ke2 {[%emt 0:00:01]} Rc4 {[%emt 0:00:00]} 46. b5 {[%emt 0:00:09]} axb5 {
[%emt 0:00:00]} 47. Rxb5 {[%emt 0:00:00]} Ra4 {[%emt 0:00:04]} 48. Rb6+ {
[%emt 0:00:03]} Kf5 {[%emt 0:00:00]} 49. a6 {[%emt 0:00:02]} d4 {[%emt 0:00:04]
} 50. Kd3 {[%emt 0:00:02]} e4+ {[%emt 0:00:06]} 51. Kc2 {[%emt 0:00:00]} Kg4 {
[%emt 0:00:04]} 52. Re6 {[%emt 0:00:05]} Kf3 {[%emt 0:00:00]} 53. g4 {[%emt 0:
00:00]} d3+ {[%emt 0:00:03]} 54. Kc3 {[%emt 0:00:05]} Ra3+ {[%emt 0:00:00]} 55.
Kb2 {[%emt 0:00:00]} Ra5 {[%emt 0:00:02]} 56. Kc3 {[%emt 0:00:01]} Rc5+ {
[%emt 0:00:03]} 57. Kd4 {[%emt 0:00:04]} Rc1 {[%emt 0:00:04]} 58. Rf6+ {
[%emt 0:00:03]} Ke2 {[%emt 0:00:03]} 59. Kxe4 {[%emt 0:00:00]} d2 {[%emt 0:00:
01]} 60. Rd6 {[%emt 0:00:00]} Ra1 {[%emt 0:00:03]} 61. g5 {[%emt 0:00:05]} Rxa6
{[%emt 0:00:01]} 62. Rxd2+ {[%emt 0:00:03]} Kxd2 {[%emt 0:00:02]} 63. Kf5 {
[%emt 0:00:00]} Ra5+ {[%emt 0:00:02]} 64. Kf6 {[%emt 0:00:01]} Ra6+ {[%emt 0:
00:02]} 65. Kf5 {[%emt 0:00:01]} Ke3 {[%emt 0:00:03]} 66. g6 {[%emt 0:00:00]}
Ra7 {[%emt 0:00:01]} 67. Kf6 {[%emt 0:00:00]} Kf4 {[%emt 0:00:00]} 68. g7 {
[%emt 0:00:02]} Ra6+ {[%emt 0:00:02]} 69. Kf7 {[%emt 0:00:02]} Ra7+ {[%emt 0:
00:01]} 70. Kf6 {[%emt 0:00:01]} 1/2-1/2

[Event "RUS-ch Blitz 2021"]
[Site "Sochi"]
[Date "2021.10.11"]
[Round "7.19"]
[White "Kokarev, Dmitry"]
[Black "Lobanov, Sergei"]
[Result "1/2-1/2"]
[WhiteElo "2579"]
[BlackElo "2501"]
[Annotator "ChessBase"]
[PlyCount "144"]
[EventDate "2021.10.11"]
[EventType "blitz"]
[EventCountry "RUS"]
[SourceTitle "playchess.com"]
[Source "ChessBase"]
[SourceQuality "1"]
[TimeControl "180+2"]

1. e4 {[%emt 0:00:05]} e5 {[%emt 0:00:00]} 2. Nf3 {[%emt 0:00:00]} Nc6 {
[%emt 0:00:00]} 3. Bb5 {[%emt 0:00:10]} a6 {[%emt 0:00:02]} 4. Ba4 {[%emt 0:00:
00]} Bc5 {[%emt 0:00:00]} 5. d3 {[%emt 0:00:00]} Nge7 {[%emt 0:00:11]} 6. c3 {
[%emt 0:00:00]} O-O {[%emt 0:00:10]} 7. O-O {[%emt 0:00:01]} d6 {[%emt 0:00:01]
} 8. b4 {[%emt 0:00:10]} Ba7 {[%emt 0:00:04]} 9. Bb3 {[%emt 0:00:00]} Be6 {
[%emt 0:00:17]} 10. Be3 {[%emt 0:00:13]} h6 {[%emt 0:00:33]} 11. Bxa7 {[%emt 0:
00:09]} Rxa7 {[%emt 0:00:00]} 12. a4 {[%emt 0:00:04]} Qd7 {[%emt 0:00:08]} 13.
Na3 {[%emt 0:00:08]} f5 {[%emt 0:00:08]} 14. Nc4 {[%emt 0:00:20]} fxe4 {
[%emt 0:00:04]} 15. dxe4 {[%emt 0:00:00]} Kh8 {[%emt 0:00:29]} 16. Nfd2 {
[%emt 0:00:20]} Ng6 {[%emt 0:00:04]} 17. Ne3 {[%emt 0:00:02]} Nf4 {[%emt 0:00:
12]} 18. f3 {[%emt 0:00:30]} Raa8 {[%emt 0:00:01]} 19. Rf2 {[%emt 0:00:00]} Ne7
{[%emt 0:00:06]} 20. Ndf1 {[%emt 0:00:08]} Neg6 {[%emt 0:00:04]} 21. a5 {
[%emt 0:00:04]} Bxb3 {[%emt 0:00:08]} 22. Qxb3 {[%emt 0:00:00]} Rf6 {[%emt 0:
00:03]} 23. Nd5 {[%emt 0:00:07]} Nxd5 {[%emt 0:00:09]} 24. Qxd5 {[%emt 0:00:00]
} c6 {[%emt 0:00:03]} 25. Qa2 {[%emt 0:00:00]} Raf8 {[%emt 0:00:01]} 26. Ne3 {
[%emt 0:00:02]} Nh4 {[%emt 0:00:07]} 27. Rd1 {[%emt 0:00:12]} Rg6 {[%emt 0:00:
06]} 28. Kh1 {[%emt 0:00:00]} Qe7 {[%emt 0:00:00]} 29. Qd2 {[%emt 0:00:07]} Qg5
{[%emt 0:00:12]} 30. Nc4 {[%emt 0:00:04]} Qe7 {[%emt 0:00:10]} 31. Ne3 {
[%emt 0:00:03]} Qg5 {[%emt 0:00:00]} 32. Nc4 {[%emt 0:00:23]} Qe7 {[%emt 0:00:
00]} 33. Ne3 {[%emt 0:00:00]} Qg5 {[%emt 0:00:00]} 34. Ng4 {[%emt 0:00:07]} Qe7
{[%emt 0:00:02]} 35. Qe1 {[%emt 0:00:04]} h5 {[%emt 0:00:25]} 36. Ne3 {[%emt 0:
00:00]} Qg5 {[%emt 0:00:03]} 37. Qd2 {[%emt 0:00:03]} Kh7 {[%emt 0:00:02]} 38.
Nc4 {[%emt 0:00:08]} Qe7 {[%emt 0:00:00]} 39. Qe3 {[%emt 0:00:04]} Re6 {
[%emt 0:00:04]} 40. Nd2 {[%emt 0:00:03]} g5 {[%emt 0:00:06]} 41. Nf1 {[%emt 0:
00:01]} Qf6 {[%emt 0:00:04]} 42. Ng3 {[%emt 0:00:03]} Qf4 {[%emt 0:00:05]} 43.
Qd2 {[%emt 0:00:02]} g4 {[%emt 0:00:02]} 44. Nxh5 {[%emt 0:00:11]} Qxd2 {
[%emt 0:00:00]} 45. Rdxd2 {[%emt 0:00:02]} gxf3 {[%emt 0:00:00]} 46. g3 {
[%emt 0:00:00]} Ng2 {[%emt 0:00:03]} 47. g4 {[%emt 0:00:05]} Kg6 {[%emt 0:00:
03]} 48. h3 {[%emt 0:00:00]} Kg5 {[%emt 0:00:00]} 49. Kh2 {[%emt 0:00:00]} Nh4
{[%emt 0:00:03]} 50. Rd3 {[%emt 0:00:02]} Rd8 {[%emt 0:00:04]} 51. Rfd2 {
[%emt 0:00:04]} Rg6 {[%emt 0:00:03]} 52. Kg3 {[%emt 0:00:00]} Re6 {[%emt 0:00:
02]} 53. Kf2 {[%emt 0:00:00]} Rh6 {[%emt 0:00:02]} 54. Ng3 {[%emt 0:00:00]} Re6
{[%emt 0:00:00]} 55. Nf5 {[%emt 0:00:05]} Nxf5 {[%emt 0:00:00]} 56. gxf5 {
[%emt 0:00:05]} Rh6 {[%emt 0:00:01]} 57. Rxf3 {[%emt 0:00:00]} d5 {[%emt 0:00:
04]} 58. Rd1 {[%emt 0:00:03]} Kf6 {[%emt 0:00:02]} 59. Rfd3 {[%emt 0:00:05]}
Rdh8 {[%emt 0:00:02]} 60. exd5 {[%emt 0:00:01]} cxd5 {[%emt 0:00:00]} 61. Rxd5
{[%emt 0:00:01]} Rxh3 {[%emt 0:00:00]} 62. R5d3 {[%emt 0:00:07]} Rh2+ {[%emt 0:
00:00]} 63. Ke1 {[%emt 0:00:10]} Rc2 {[%emt 0:00:02]} 64. Rf3 {[%emt 0:00:04]}
Rh1+ {[%emt 0:00:03]} 65. Rf1 {[%emt 0:00:00]} Rhh2 {[%emt 0:00:09]} 66. Rd6+ {
[%emt 0:00:01]} Kf7 {[%emt 0:00:00]} 67. Rd7+ {[%emt 0:00:01]} Kf6 {[%emt 0:00:
02]} 68. Rd6+ {[%emt 0:00:00]} Kf7 {[%emt 0:00:00]} 69. Rd7+ {[%emt 0:00:01]}
Kf6 {[%emt 0:00:01]} 70. Rd6+ {[%emt 0:00:02]} Ke7 {[%emt 0:00:03]} 71. Rd5 {
[%emt 0:00:02]} Kf6 {[%emt 0:00:03]} 72. Rd6+ {[%emt 0:00:01]} Kf7 {[%emt 0:00:
03]} 1/2-1/2

[Event "RUS-ch Blitz 2021"]
[Site "Sochi"]
[Date "2021.10.11"]
[Round "7.21"]
[White "Gavrilov, Oleg"]
[Black "Zubritskiy, Artyom"]
[Result "1/2-1/2"]
[WhiteElo "2356"]
[BlackElo "2442"]
[Annotator "NA"]
[PlyCount "43"]
[EventDate "2021.10.11"]
[EventType "blitz"]
[EventCountry "RUS"]
[SourceTitle "playchess.com"]
[Source "ChessBase"]
[SourceQuality "1"]
[TimeControl "180+2"]

1. c4 {[%emt 0:00:00]} b6 {[%emt 0:00:20]} 2. Nc3 {[%emt 0:00:01]} Bb7 {
[%emt 0:00:00]} 3. e4 {[%emt 0:00:00]} e6 {[%emt 0:00:11]} 4. g3 {[%emt 0:00:
06]} f5 {[%emt 0:00:00]} 5. Bg2 {[%emt 0:00:29]} Nf6 {[%emt 0:00:00]} 6. Qc2 {
[%emt 0:00:04]} Bb4 {[%emt 0:00:39]} 7. Nge2 {[%emt 0:00:00]} O-O {[%emt 0:00:
11]} 8. O-O {[%emt 0:00:00]} Bxc3 {[%emt 0:00:39]} 9. Nxc3 {[%emt 0:00:08]}
fxe4 {[%emt 0:00:00]} 10. Nxe4 {[%emt 0:00:02]} Bxe4 {[%emt 0:00:00]} 11. Bxe4
{[%emt 0:00:00]} Nxe4 {[%emt 0:00:00]} 12. Qxe4 {[%emt 0:00:02]} Nc6 {[%emt 0:
00:05]} 13. d4 {[%emt 0:00:10]} Qf6 {[%emt 0:00:13]} 14. Be3 {[%emt 0:00:00]}
Qf5 {[%emt 0:00:08]} 15. Qxf5 {[%emt 0:00:04]} Rxf5 {[%emt 0:00:00]} 16. f4 {
[%emt 0:00:04]} Raf8 {[%emt 0:00:10]} 17. b3 {[%emt 0:00:18]} Ne7 {[%emt 0:00:
18]} 18. Rac1 {[%emt 0:00:09]} R5f7 {[%emt 0:00:15]} 19. Rfe1 {[%emt 0:00:26]}
g6 {[%emt 0:00:09]} 20. Kg2 {[%emt 0:00:04]} Nf5 {[%emt 0:00:07]} 21. Bg1 {
[%emt 0:00:00]} Ne7 {[%emt 0:00:09]} 22. Re3 {[%emt 0:00:15]} 1/2-1/2

[Event "RUS-ch Blitz 2021"]
[Site "Sochi"]
[Date "2021.10.11"]
[Round "7.22"]
[White "Bologan, Victor"]
[Black "Shcherbin, Matvei"]
[Result "1-0"]
[WhiteElo "2574"]
[BlackElo "2366"]
[Annotator "ChessBase"]
[PlyCount "65"]
[EventDate "2021.10.11"]
[EventType "blitz"]
[EventCountry "RUS"]
[SourceTitle "playchess.com"]
[Source "ChessBase"]
[SourceQuality "1"]
[TimeControl "180+2"]

1. e4 {[%emt 0:00:00]} c5 {[%emt 0:00:00]} 2. Nf3 {[%emt 0:00:00]} e6 {[%emt 0:
00:00]} 3. d3 {[%emt 0:00:10]} Nc6 {[%emt 0:00:04]} 4. g3 {[%emt 0:00:00]} g6 {
[%emt 0:00:17]} 5. Bg2 {[%emt 0:00:06]} Bg7 {[%emt 0:00:00]} 6. O-O {[%emt 0:
00:00]} Nge7 {[%emt 0:00:06]} 7. c3 {[%emt 0:00:00]} d5 {[%emt 0:00:04]} 8. Qe2
{[%emt 0:00:07]} O-O {[%emt 0:00:04]} 9. e5 {[%emt 0:00:04]} d4 {[%emt 0:00:20]
} 10. c4 {[%emt 0:00:04]} Rb8 {[%emt 0:00:21]} 11. Bf4 {[%emt 0:00:14]} a6 {
[%emt 0:00:17]} 12. Nbd2 {[%emt 0:00:26]} b5 {[%emt 0:00:03]} 13. Ne4 {[%emt 0:
00:06]} bxc4 {[%emt 0:00:13]} 14. dxc4 {[%emt 0:00:03]} Qb6 {[%emt 0:00:21]}
15. Rab1 {[%emt 0:00:10]} Bb7 {[%emt 0:00:16]} 16. h4 {[%emt 0:00:14]} Nb4 {
[%emt 0:00:12]} 17. Nf6+ {[%emt 0:00:09]} Kh8 {[%emt 0:00:00]} 18. Nd7 {
[%emt 0:00:02]} Qc7 {[%emt 0:00:13]} 19. Nxf8 {[%emt 0:00:00]} Rxf8 {[%emt 0:
00:05]} 20. a3 {[%emt 0:00:03]} Nbc6 {[%emt 0:00:02]} 21. b4 {[%emt 0:00:04]}
cxb4 {[%emt 0:00:04]} 22. axb4 {[%emt 0:00:03]} Rd8 {[%emt 0:00:18]} 23. Rfd1 {
[%emt 0:00:07]} Qb6 {[%emt 0:00:09]} 24. Qd2 {[%emt 0:00:12]} h5 {[%emt 0:00:
10]} 25. b5 {[%emt 0:00:14]} axb5 {[%emt 0:00:05]} 26. Rxb5 {[%emt 0:00:05]}
Qa7 {[%emt 0:00:00]} 27. Qb2 {[%emt 0:00:07]} Ba8 {[%emt 0:00:02]} 28. Bg5 {
[%emt 0:00:11]} Rd7 {[%emt 0:00:10]} 29. Ra1 {[%emt 0:00:00]} Qc7 {[%emt 0:00:
01]} 30. Rxa8+ {[%emt 0:00:07]} Kh7 {[%emt 0:00:00]} 31. Bxe7 {[%emt 0:00:08]}
Rxe7 {[%emt 0:00:01]} 32. Ng5+ {[%emt 0:00:02]} Kh6 {[%emt 0:00:06]} 33. Qd2 {
[%emt 0:00:00]} 1-0

[Event "RUS-ch Blitz 2021"]
[Site "Sochi"]
[Date "2021.10.11"]
[Round "7.23"]
[White "Bryakin, Mikhail"]
[Black "Khegay, Dmitriy"]
[Result "1-0"]
[WhiteElo "2498"]
[BlackElo "2521"]
[Annotator "ChessBase"]
[PlyCount "67"]
[EventDate "2021.10.11"]
[EventType "blitz"]
[EventCountry "RUS"]
[SourceTitle "playchess.com"]
[Source "ChessBase"]
[SourceQuality "1"]
[TimeControl "180+2"]

1. d4 {[%emt 0:00:00]} d6 {[%emt 0:00:00]} 2. Nf3 {[%emt 0:00:00]} Nf6 {
[%emt 0:00:00]} 3. c4 {[%emt 0:00:08]} g6 {[%emt 0:00:02]} 4. g3 {[%emt 0:00:
00]} Bg7 {[%emt 0:00:11]} 5. Bg2 {[%emt 0:00:00]} O-O {[%emt 0:00:00]} 6. O-O {
[%emt 0:00:00]} Bf5 {[%emt 0:00:00]} 7. Nc3 {[%emt 0:00:00]} Ne4 {[%emt 0:00:
04]} 8. Qb3 {[%emt 0:00:22]} Nxc3 {[%emt 0:00:00]} 9. bxc3 {[%emt 0:00:10]} Be4
{[%emt 0:00:00]} 10. a4 {[%emt 0:00:06]} c5 {[%emt 0:00:19]} 11. e3 {[%emt 0:
00:23]} Nc6 {[%emt 0:00:05]} 12. Nd2 {[%emt 0:00:04]} Bxg2 {[%emt 0:00:08]} 13.
Kxg2 {[%emt 0:00:02]} Na5 {[%emt 0:00:00]} 14. Qa2 {[%emt 0:00:11]} Rc8 {
[%emt 0:00:09]} 15. Rb1 {[%emt 0:00:00]} b6 {[%emt 0:00:03]} 16. Bb2 {[%emt 0:
00:10]} e6 {[%emt 0:00:00]} 17. d5 {[%emt 0:00:15]} Qd7 {[%emt 0:00:05]} 18. e4
{[%emt 0:00:09]} f5 {[%emt 0:00:00]} 19. Rbe1 {[%emt 0:00:15]} Rce8 {[%emt 0:
00:09]} 20. f3 {[%emt 0:00:13]} Bh6 {[%emt 0:00:18]} 21. Nb1 {[%emt 0:00:13]}
fxe4 {[%emt 0:00:06]} 22. f4 {[%emt 0:00:39]} e5 {[%emt 0:00:14]} 23. Nd2 {
[%emt 0:00:13]} e3 {[%emt 0:00:12]} 24. Rxe3 {[%emt 0:00:06]} exf4 {[%emt 0:00:
00]} 25. Rxe8 {[%emt 0:00:04]} Qxe8 {[%emt 0:00:00]} 26. Nf3 {[%emt 0:00:07]}
fxg3 {[%emt 0:00:08]} 27. hxg3 {[%emt 0:00:00]} Qe2+ {[%emt 0:00:07]} 28. Rf2 {
[%emt 0:00:02]} Qxc4 {[%emt 0:00:00]} 29. Qb1 {[%emt 0:00:00]} Qxd5 {[%emt 0:
00:08]} 30. Bc1 {[%emt 0:00:00]} Bxc1 {[%emt 0:00:04]} 31. Qxc1 {[%emt 0:00:00]
} Nc4 {[%emt 0:00:00]} 32. Qh6 {[%emt 0:00:10]} Rxf3 {[%emt 0:00:05]} 33. Rxf3
{[%emt 0:00:03]} Ne5 {[%emt 0:00:00]} 34. Qf8# {[%emt 0:00:00]} 1-0

[Event "RUS-ch Blitz 2021"]
[Site "Sochi"]
[Date "2021.10.11"]
[Round "7.24"]
[White "Grebnev, Aleksey"]
[Black "Nesterov, Arseniy"]
[Result "1-0"]
[WhiteElo "2469"]
[BlackElo "2514"]
[Annotator "ChessBase"]
[PlyCount "133"]
[EventDate "2021.10.11"]
[EventType "blitz"]
[EventCountry "RUS"]
[SourceTitle "playchess.com"]
[Source "ChessBase"]
[SourceQuality "1"]
[TimeControl "180+2"]

1. e4 {[%emt 0:00:00]} e5 {[%emt 0:00:00]} 2. Bc4 {[%emt 0:00:07]} Nc6 {
[%emt 0:00:16]} 3. d3 {[%emt 0:00:00]} Nf6 {[%emt 0:00:00]} 4. Nc3 {[%emt 0:00:
00]} Na5 {[%emt 0:00:00]} 5. Bb3 {[%emt 0:00:00]} Nxb3 {[%emt 0:00:00]} 6. axb3
{[%emt 0:00:00]} d6 {[%emt 0:00:04]} 7. Nf3 {[%emt 0:00:04]} Be7 {[%emt 0:00:
00]} 8. O-O {[%emt 0:00:12]} O-O {[%emt 0:00:00]} 9. h3 {[%emt 0:00:03]} b6 {
[%emt 0:00:13]} 10. Ne2 {[%emt 0:00:15]} Bb7 {[%emt 0:00:00]} 11. Ng3 {[%emt 0:
00:00]} g6 {[%emt 0:00:05]} 12. Bh6 {[%emt 0:00:05]} Re8 {[%emt 0:00:00]} 13.
Re1 {[%emt 0:00:00]} Nd7 {[%emt 0:00:07]} 14. Qd2 {[%emt 0:00:08]} a5 {[%emt 0:
00:12]} 15. Kh2 {[%emt 0:00:11]} Bf6 {[%emt 0:00:07]} 16. Bg5 {[%emt 0:00:07]}
Nc5 {[%emt 0:00:14]} 17. Bxf6 {[%emt 0:00:17]} Qxf6 {[%emt 0:00:01]} 18. b4 {
[%emt 0:00:00]} axb4 {[%emt 0:00:07]} 19. Qxb4 {[%emt 0:00:01]} Ne6 {[%emt 0:
00:02]} 20. Ne2 {[%emt 0:00:06]} Nf4 {[%emt 0:00:29]} 21. Nxf4 {[%emt 0:00:24]}
Qxf4+ {[%emt 0:00:00]} 22. Kg1 {[%emt 0:00:04]} Rxa1 {[%emt 0:00:37]} 23. Rxa1
{[%emt 0:00:00]} d5 {[%emt 0:00:04]} 24. Qb5 {[%emt 0:00:55]} Rd8 {[%emt 0:00:
08]} 25. Re1 {[%emt 0:00:44]} dxe4 {[%emt 0:00:09]} 26. Qxe5 {[%emt 0:00:00]}
Qxe5 {[%emt 0:00:19]} 27. Nxe5 {[%emt 0:00:00]} f6 {[%emt 0:00:13]} 28. Ng4 {
[%emt 0:00:00]} exd3 {[%emt 0:00:03]} 29. cxd3 {[%emt 0:00:03]} Kf7 {[%emt 0:
00:00]} 30. Re3 {[%emt 0:00:11]} Ba6 {[%emt 0:00:09]} 31. Rf3 {[%emt 0:00:03]}
Rd6 {[%emt 0:00:06]} 32. Ne5+ {[%emt 0:00:00]} Ke6 {[%emt 0:00:02]} 33. Nc4 {
[%emt 0:00:02]} Rd4 {[%emt 0:00:02]} 34. b3 {[%emt 0:00:00]} Rd5 {[%emt 0:00:
09]} 35. Kf1 {[%emt 0:00:05]} Rb5 {[%emt 0:00:05]} 36. Nd2 {[%emt 0:00:00]} Ra5
{[%emt 0:00:00]} 37. Ke2 {[%emt 0:00:02]} Ra2 {[%emt 0:00:02]} 38. Ke3 {
[%emt 0:00:00]} Bb7 {[%emt 0:00:00]} 39. Rg3 {[%emt 0:00:05]} f5 {[%emt 0:00:
01]} 40. h4 {[%emt 0:00:06]} Kf6 {[%emt 0:00:00]} 41. d4 {[%emt 0:00:00]} h6 {
[%emt 0:00:00]} 42. Kd3 {[%emt 0:00:00]} f4 {[%emt 0:00:00]} 43. Rg4 {[%emt 0:
00:00]} g5 {[%emt 0:00:15]} 44. hxg5+ {[%emt 0:00:01]} hxg5 {[%emt 0:00:01]}
45. f3 {[%emt 0:00:03]} Ra8 {[%emt 0:00:06]} 46. g3 {[%emt 0:00:00]} fxg3 {
[%emt 0:00:02]} 47. Rxg3 {[%emt 0:00:00]} Kf5 {[%emt 0:00:00]} 48. Rg1 {
[%emt 0:00:04]} Re8 {[%emt 0:00:06]} 49. Rc1 {[%emt 0:00:00]} Re7 {[%emt 0:00:
00]} 50. Rg1 {[%emt 0:00:00]} Ba6+ {[%emt 0:00:01]} 51. Kc2 {[%emt 0:00:05]}
Re3 {[%emt 0:00:00]} 52. Rg3 {[%emt 0:00:04]} Bb7 {[%emt 0:00:03]} 53. Kb2 {
[%emt 0:00:06]} Bd5 {[%emt 0:00:04]} 54. Kc2 {[%emt 0:00:00]} b5 {[%emt 0:00:
02]} 55. Kb2 {[%emt 0:00:04]} b4 {[%emt 0:00:00]} 56. Kc2 {[%emt 0:00:02]} c6 {
[%emt 0:00:00]} 57. Kb2 {[%emt 0:00:00]} Rd3 {[%emt 0:00:01]} 58. Kc2 {[%emt 0:
00:03]} Rxd4 {[%emt 0:00:03]} 59. Rg1 {[%emt 0:00:01]} Rf4 {[%emt 0:00:00]} 60.
Rg3 {[%emt 0:00:02]} c5 {[%emt 0:00:04]} 61. Kd3 {[%emt 0:00:00]} Rd4+ {
[%emt 0:00:01]} 62. Ke3 {[%emt 0:00:01]} Bc6 {[%emt 0:00:04]} 63. Rg1 {[%emt 0:
00:00]} Rd7 {[%emt 0:00:03]} 64. Rc1 {[%emt 0:00:01]} Re7+ {[%emt 0:00:02]} 65.
Kf2 {[%emt 0:00:02]} Re5 {[%emt 0:00:00]} 66. Nc4 {[%emt 0:00:02]} Rd5 {
[%emt 0:00:00]} 67. Ne3+ {[%emt 0:00:01]} 1-0

[Event "RUS-ch Blitz 2021"]
[Site "Sochi"]
[Date "2021.10.11"]
[Round "8.1"]
[White "Sjugirov, Sanan"]
[Black "Artemiev, Vladislav"]
[Result "0-1"]
[WhiteElo "2663"]
[BlackElo "2699"]
[Annotator "TA"]
[PlyCount "81"]
[EventDate "2021.10.11"]
[EventType "blitz"]
[EventCountry "RUS"]
[SourceTitle "playchess.com"]
[Source "ChessBase"]
[SourceQuality "1"]

{[%evp 9,81,19,25,24,29,-14,-8,-31,-15,-72,-41,-58,-77,-77,-89,-73,-33,-41,-58,
-90,-95,-101,0,0,0,-94,-83,-271,-155,-169,-156,-194,223,-297,92,81,97,89,275,
-4,0,-69,-58,-98,-96,-368,-359,-452,29,29,35,53,13,-8,70,97,168,0,83,12,30,16,
49,-86,-12,-674,-422,-670,-591,-1321,-217,-29968,-779,-29962]} 1. d4 d5 2. c4
e6 3. Nf3 a6 4. cxd5 exd5 5. Nc3 c6 6. Qb3 {D31: Queen's Gambit Declined:
Semi-Slav without ...Nf6 (+ Marshall Gambit and Noteboom) and Exchange
Variation lines without ...Nf6.} Nf6 7. e4 Nxe4 8. Nxe4 {The position is equal.
} Qe7 $1 {[%mdl 64] [#] Pin} 9. Ne5 $146 ({Predecessor:} 9. Nfg5 Bf5 10. f3
dxe4 11. fxe4 Bxe4 12. Nxe4 Qxe4+ 13. Be2 Bd6 14. O-O O-O 15. Be3 {0-1 (57)
Jankovic,A (2559)-Saric,I (2580) Zagreb 2010}) 9... f6 $17 (9... dxe4 10. Bc4
$11) 10. Ng3 fxe5 11. dxe5 Qxe5+ 12. Be2 Bc5 13. O-O $1 O-O 14. Bd2 Nd7 15.
Rae1 Qd4 (15... Qc7 $17 16. Bd3 Nf6) 16. Bc3 $1 $11 {[%cal Rc3d4]} Qh4 17. Qc2
(17. Bf3 $1 $11) 17... Bd6 $1 $17 18. Kh1 $2 {[#]} (18. Bf3 $17 {was necessary.
}) 18... Nc5 (18... Rxf2 $1 $19 {[%mdl 512]} 19. Qd3 (19. Kg1 Rxf1+) 19...
Rxf1+ 20. Bxf1 Nc5) 19. Bf3 {[#]} Bf5 $1 $40 {[%mdl 640] Black attacks with
force.} 20. Qd2 (20. Qd1 Rad8) 20... Be4 {[%mdl 8192]} (20... Rad8 $19 {
and life is good for Black.} 21. Qd4 Qxd4 22. Bxd4 Bd3) 21. b4 $4 {[%mdl 8192]}
(21. Rxe4 $2 Nxe4 22. Qd4 (22. Bxe4 $2 Bxg3 {[%mdl 64] Pin} 23. Bxd5+ cxd5 $19)
22... Qh6 $19) (21. Bxe4 $1 $18 {was the only winning move.} Nxe4 22. Rxe4 $1 {
[%mdl 576] Remove Defender} dxe4 23. Qxd6) 21... Bxf3 (21... Nd3 $19 22. Re3
Bf4 23. Bxe4 dxe4) 22. bxc5 $16 Bxc5 {Strongly threatening ...Bh5.} 23. gxf3
Rxf3 $2 {[#]} (23... Rad8 $16) 24. Ba1 $2 (24. Bxg7 $1 $18 {[%mdl 512]} Qf4 (
24... Rf7 25. Bc3) 25. Qd1) 24... Raf8 $11 {[%cal Rf3f2]} 25. Qb2 (25. Qe2 $1
$11) 25... Qh6 $15 {[%cal Rf3f2]} 26. Qxb7 {Re6! is the strong threat.} R3f7 $1
{[%cal Rf7b7]} (26... Bxf2 $6 27. Re6 $11) 27. Qb2 {[%mdl 8192]} (27. Qb3 $17
Bxf2 28. Re2) 27... Bxf2 $19 28. Re2 {[%cal Re2f2]} Bc5 ({Black should try} 
28... Bxg3 $19 29. Rxf7 Rxf7 30. Re8+ Rf8 31. Rxf8+ Kxf8) 29. Rxf7 $11 Rxf7 30.
Re8+ Bf8 31. Qe2 Qf4 ({Better is} 31... Qc1+ $11 32. Qe1 Qxe1+ 33. Rxe1 Rf2)
32. Kg2 $14 d4 (32... c5 $16 {keeps fighting.}) 33. Bb2 $2 ({White must play} 
33. Re4 $18 d3 34. Rxf4 dxe2 35. Re4 (35. Nxe2 Rxf4 36. Nxf4 Kf7 $16)) 33... c5
(33... d3 $1 $11 {remains equal.} 34. Qe3 Qxe3 35. Rxe3 Rd7) 34. Re4 (34. Ba3
$1 $16 {[%cal Ra3c5]}) 34... Qd6 35. Qc4 Qf6 {aiming for ...Qf2+.} 36. Re2 {[#]
} (36. Bc1 $14) 36... Qf3+ ({Don't play} 36... Kh8 $6 37. Qd5 $16) (36... h5 $1
$17 {[%cal Rh5h4] And now ...h4 would win.} 37. Qe6 Qf3+ 38. Kh3 (38. Kg1 $2 h4
$19) 38... h4 39. Kxh4 d3) 37. Kg1 $2 {[%mdl 8192]} (37. Kh3 $11) 37... h5 38.
Rg2 (38. Re5 $142 Qf2+ {[%mdl 64] Double Attack} 39. Kh1 Qxb2 40. Rxh5) 38...
h4 {Hoping for ...d3.} 39. Nf1 h3 $2 (39... d3 {[%csl Gf7][%cal Rf3f1]} 40.
Qxf7+ Qxf7) 40. Rc2 $2 (40. Rd2 $19) 40... Bd6 (40... d3 $142 41. Qxf7+ Qxf7
42. Rd2 c4 43. Bd4 Qd7 44. Bb6 c3 45. Rxd3 Qxd3 46. Kf2 c2 47. Be3 {[#]} Bc5 $1
{[%mdl 512]} 48. Kf3 c1=Q {[%mdl 64] Double Attack} 49. Kg4 Qe4+ 50. Kxh3 Qxf1+
51. Kg3 Qfg2#) 41. Bxd4 {Weighted Error Value: White=1.14/Black=1.01} 0-1